000 01174nam a22003617a 4500
003 CHAP
005 20220817041812.0
008 971013s1970 r 00010 d
010 _a24975
011 _a25947
035 _a30047
040 _cCHAP
090 _aFolleto 2524Y
110 _aComité Mixto FAO/OMS de Expertos Gubernamentales sobre el Código de Principios Referentes a la Leche y los Productos Lácteos
_925900
245 _aInforme del 13 período de sesiones
260 _aRoma :
_bFAO,
_c1970
300 _a81 p.
490 _aCX 5/70
590 _aBATCH-UPD
_b10
_c20130110
_lUCH01
_h0201
590 _aBATCH-UPD
_b10
_c20130110
_lUCH01
_h1448
590 _aBATCH-UPD
_b10
_c20130409
_lUCH01
_h2210
590 _aBATCH-UPD
_b10
_c20130410
_lUCH01
_h0916
590 _aBATCH-UPD
_b10
_c20130914
_lUCH01
_h1354
590 _aCONVERSION
_b10
_c20130109
_lUCH01
_h1314
650 1 4 _aLeche
_xLeyes.
_965381
650 1 4 _aProductos lácteos
_xLeyes.
_992133
710 0 _aFAO.
710 0 _aOrganización Mundial de la Salud.
_983555
830 0 _aCX 5/70
_930772
901 _aBK
942 _cFOLL
949 _aFolleto 2524Y
_bBC
_cFAO
_d-69339
_eFAO1
_i30047
_si
999 _c24975
_d24975